विश्व के महान आश्चर्य / (Record no. 16387)

MARC details
000 -LEADER
fixed length control field 01216 a2200229 4500
005 - DATE AND TIME OF LATEST TRANSACTION
control field 20190110170342.0
010 ## - LCCN (DPL NO)
LC control number B-283457, B-248529
020 ## - INTERNATIONAL STANDARD BOOK NUMBER
Terms of availability 180.00
International Standard Book Number 8189399101
020 ## - INTERNATIONAL STANDARD BOOK NUMBER
Terms of availability 175.00
035 ## - SYSTEM CONTROL NUMBER
System control number B-283457,B-248529
035 ## - SYSTEM CONTROL NUMBER
System control number B-318201
037 ## - SOURCE OF ACQUISITION
Source of stock number/acquisition सुभद्रा पब्लि
082 ## - DEWEY DECIMAL CLASSIFICATION NUMBER
Classification number 904.7
Edition number 2008
245 ## - TITLE STATEMENT
Title विश्व के महान आश्चर्य /
Statement of responsibility, etc गोविन्द सिंह चन्द्रवंशी द्वारा संकलित
246 ## - VARYING FORM OF TITLE
Remainder of title
Title proper/short title
260 ## - PUBLICATION, DISTRIBUTION, ETC. (IMPRINT)
Place of publication, distribution, etc दिल्ली
Name of publisher, distributor, etc सुभद्रा पब्लिशर्स एंड डिस्ट्रीब्यूटर्स
Date of publication, distribution, etc 2008
270 ## - ADDRESS
Address बी-216 चन्दू नगर,करावल नगर रोड
City दिल्ली
Postal code 110094
300 ## - PHYSICAL DESCRIPTION
Extent 144पृ
Dimensions 22 सेमी(सजिल्द)
700 ## - ADDED ENTRY--PERSONAL NAME
Personal name गोविन्द सिंह चन्द्रवंशी
9 (RLIN) 33434
942 ## - ADDED ENTRY ELEMENTS (KOHA)
Institution code [OBSOLETE] dpl
Item type Hindi Books
Call number prefix
Source of classification or shelving scheme Dewey Decimal Classification
Classification part 904.7
Call number suffix विश्वके
Holdings
Withdrawn status Lost status Not for loan Collection code Home library Current library Date acquired Cost, normal purchase price Full call number Barcode Copy number Cost, replacement price Koha item type Source of acquisition
      Non-fiction R.C.Libraries (zls) R.C.Libraries (zls) 10/01/2019 175.00 904.7 गोविन्द B-248529 1. 175.00 Hindi Books  
      Non-fiction Vinoba Puri Vinoba Puri 08/10/2008 175.00 904.7 विश्वके B-283457 1 175.00 Children Books  
      Non-fiction Vinoba Puri Vinoba Puri 13/03/2009 175.00 904.7 विश्वके B-318201 1 175.00 Children Books dbad / pub

© Delhi Public Library
Hit Counter
free hit counter